[Event "SIN-ch U16"]
[Site "Singapore"]
[Date "2009.01.04"]
[Round "4"]
[White "Ko, Wei Liang William"]
[Black "Chan, Wei Qi Sarah"]
[Result "1-0"]
[WhiteElo "1862"]
[BlackElo "1672"]
[PlyCount "153"]
[EventDate "2009.01.03"]
[EventType "swiss"]
[EventRounds "9"]
[EventCountry "SIN"]
[SourceTitle "EXT 2011"]
[Source "ChessBase"]
[SourceDate "2010.11.26"]
[SourceVersion "1"]
[SourceVersionDate "2010.11.26"]
[SourceQuality "1"]

1. e4 e5 2. Nf3 Nc6 3. Bb5 a6 4. Bxc6 dxc6 5. 0-0 Bd6 6. d4 exd4 7. Qxd4 f6 8. e5 Bxe5 9. Qe3 Qd6 10. Re1 Kf7 11. Nxe5+ fxe5 12. Qxe5 Qxe5 13. Rxe5 Nf6 14. Bg5 Rd8 15. Nc3 h6 16. Bh4 Re8 17. Bxf6 gxf6 18. Rxe8 Kxe8 19. Ne2 Be6 20. Rd1 Ke7 21. a3 Rg8 22. f3 Bd5 23. Kf2 Rg5 24. Nf4 Bf7 25. c3 Rb5 26. Rd2 Re5 27. Re2 Kd6 28. g4 f5 29. h3 fxg4 30. fxg4 Rg5 31. Kg3 b5 32. Rd2+ Ke7 33. h4 Rg8 34. Kf3 Rg7 35. Rd4 Rg8 36. Ke3 Re8 37. Re4+ Kf6 38. Rxe8 Bxe8 39. Ke4 Bd7 40. Kf3 Ke5 41. Nh5 Be8 42. Ng7 Bd7 43. g5 hxg5 44. hxg5 c5 45. Kg3 Bf5 46. Nxf5 Kxf5 47. Kh4 Kg6 48. Kg4 a5 49. Kf4 b4 50. Kg4 bxa3 51. bxa3 c4 52. Kf4 a4 53. Kg4 c6 54. Kf4 c5 55. Kg4 Kg7 56. Kf5 Kf7 57. g6+ Kg7 58. Kg5 Kg8 59. Kf6 Kf8 60. Ke6 Kg7 61. Kd5 Kxg6 62. Kxc5 Kf7 63. Kxc4 Ke6 64. Kb4 Kd6 65. Kxa4 Kc6 66. Kb4 Kb6 67. Kc4 Kc6 68. a4 Kb6 69. Kd5 Kc7 70. c4 Kd7 71. c5 Kc7 72. c6 Kc8 73. Kd6 Kd8 74. c7+ Kc8 75. a5 Kb7 76. Kd7 Ka7 77. a6 1-0

[Event "SIN-ch U16"]
[Site "Singapore"]
[Date "2009.01.04"]
[Round "3"]
[White "Ko, Wei Liang William"]
[Black "Sia, Xin Jie Selina"]
[Result "1/2-1/2"]
[WhiteElo "1862"]
[BlackElo "1756"]
[PlyCount "76"]
[EventDate "2009.01.03"]
[EventType "swiss"]
[EventRounds "9"]
[EventCountry "SIN"]
[SourceTitle "EXT 2011"]
[Source "ChessBase"]
[SourceDate "2010.11.26"]
[SourceVersion "1"]
[SourceVersionDate "2010.11.26"]
[SourceQuality "1"]

1. e4 e5 2. Nf3 Nc6 3. Bc4 Bc5 4. c3 Nf6 5. d4 exd4 6. cxd4 Bb4+ 7. Nc3 Nxe4 8. 0-0 Bxc3 9. d5 Ne5 10. bxc3 Nxc4 11. Qd4 0-0 12. Qxc4 Nd6 13. Qd3 Qf6 14. Ba3 b6 15. Rfe1 Bb7 16. Re5 Rae8 17. Rae1 Rxe5 18. Rxe5 Rd8 19. Qe2 h6 20. c4 Ba6 21. Nd2 Qg6 22. h3 Qc2 23. Bxd6 cxd6 24. Re7 Qxa2 25. Kh2 Qc2 26. Qf3 Rf8 27. Ne4 Bxc4 28. Nxd6 Be2 29. Rxe2 Qc7 30. Qf4 a5 31. Re7 a4 32. Rxf7 Rxf7 33. Qxf7+ Kh7 34. Qf5+ Kg8 35. Qe5 a3 36. g3 a2 37. Qe8+ Kh7 38. Qe4+ Kg8 1/2-1/2

[Event "SIN-ch U16"]
[Site "Singapore"]
[Date "2009.01.03"]
[Round "1"]
[White "Ko, Wei Liang William"]
[Black "Lim, De Li Derek"]
[Result "0-1"]
[WhiteElo "1862"]
[BlackElo "1735"]
[PlyCount "62"]
[EventDate "2009.01.03"]
[EventType "swiss"]
[EventRounds "9"]
[EventCountry "SIN"]
[SourceTitle "EXT 2011"]
[Source "ChessBase"]
[SourceDate "2010.11.26"]
[SourceVersion "1"]
[SourceVersionDate "2010.11.26"]
[SourceQuality "1"]

1. e4 c5 2. Nf3 e6 3. c3 Nc6 4. Bb5 Qc7 5. d4 Nf6 6. Qe2 cxd4 7. Bxc6 Qxc6 8. e5 Ng8 9. cxd4 Qxc1+ 10. Qd1 Qxd1+ 11. Kxd1 Ne7 12. Nc3 a6 13. a4 b6 14. Ne4 Nc6 15. Ke2 Bb7 16. Ned2 Rc8 17. Rac1 a5 18. Nc4 Ba6 19. Ke3 Bxc4 20. Rxc4 g6 21. h4 Bh6+ 22. Ke2 0-0 23. h5 g5 24. Nd2 Nb4 25. Rhc1 Rxc4 26. Rxc4 Nd5 27. Ne4 Nf4+ 28. Kf3 Nxh5 29. g4 f5 30. exf6 Nxf6 31. Nd6 Ne8+ 0-1